Year Book 2008-09. (Record no. 348539)

000 -LEADER
fixed length control field 00665 a2200193 4500
003 - CONTROL NUMBER IDENTIFIER
control field OSt
005 - DATE AND TIME OF LATEST TRANSACTION
control field 20180116182924.0
008 - FIXED-LENGTH DATA ELEMENTS--GENERAL INFORMATION
fixed length control field 160520b xxu||||| |||| 00| 0 eng d
040 ## - CATALOGING SOURCE
Transcribing agency 0
082 ## - DEWEY DECIMAL CLASSIFICATION NUMBER
Classification number 338.95491005 PAK 2010
100 ## - MAIN ENTRY--PERSONAL NAME
Personal name Government of Pakistan Planning Commission
110 ## - MAIN ENTRY--CORPORATE NAME
Corporate name or jurisdiction name as entry element Government of Pakistan Planning Commission
245 ## - TITLE STATEMENT
Title Year Book 2008-09.
Remainder of title Planning & Development Division.
Statement of responsibility, etc. Government of Pakistan Planning Commission .
260 ## - PUBLICATION, DISTRIBUTION, ETC.
Place of publication, distribution, etc. Islamabad.
Name of publisher, distributor, etc. Government of Pakistan planning Commission.
Date of publication, distribution, etc. 2010.
300 ## - PHYSICAL DESCRIPTION
Extent 163p.
Other physical details HB
440 ## - SERIES STATEMENT/ADDED ENTRY--TITLE
Title Year Book 2008-09.
500 ## - GENERAL NOTE
General note Hard cover.
942 ## - ADDED ENTRY ELEMENTS (KOHA)
Institution code [OBSOLETE] NBS
Koha item type Book
Call number prefix 338.95491005 PAK 2010
Source of classification or shelving scheme
Holdings
Withdrawn status Lost status Source of classification or shelving scheme Damaged status Not for loan Permanent Location Current Location Date acquired Total Checkouts Full call number Barcode Date last seen Date last checked out Price effective from Koha item type
          Central Library (CL) Central Library (CL) 08/28/2013 1 338.95491005 PDD NBSD-1771 11/22/2017 08/15/2017 08/28/2013 Book
          Central Library (CL) Central Library (CL) 08/28/2013 1 338.95491005 PDD NBSD-1772 11/22/2017 08/15/2017 08/28/2013 Book
© 2023 Central Library, National University of Sciences and Technology. All Rights Reserved.